[Event "OP-2021-0-05105"]
[Site "LSS email"]
[Date "2021.02.21"]
[Round "?"]
[White "Ermolov, Egor"]
[Black "Wuttke, Bodo"]
[Result "0-1"]
[WhiteElo "1800"]
[BlackElo "2018"]
[PlyCount "38"]
[EventDate "2021.02.20"]
[EventType "tourn (corr)"]
[EventRounds "4"]
[EventCountry "GER"]
[SourceTitle "Corr 2024"]
[Source "ChessBase"]
[SourceDate "2023.10.19"]
[SourceVersion "1"]
[SourceVersionDate "2023.10.19"]
[SourceQuality "1"]

1. Nf3 e6 2. d4 d5 3. Nc3 c5 4. e3 Nf6 5. Bd3 Nc6 6. b3 Bd7 7. Bb2 Rc8 8. Be2 a6 9. 0-0 cxd4 10. exd4 Bd6 11. Re1 0-0 12. Qc1 Qc7 13. h3 Rfe8 14. Bf1 Ne7 15. Ne5 Nf5 16. Nxd7 Qxd7 17. Kh1 Bb4 18. Qd2 Ne4 19. Qd3 Nxf2+ 0-1